[Event "Nordstrand GP Langsjakk 2016, Åpent Oslomesterskap"]
[Site "Lambertseter gård"]
[Date "2016.04.15"]
[Round "3"]
[White "Nilsen, Tobias Lang"]
[Black "Staunsbjerg, Valdemar A"]
[Result "1-0"]
[WhiteElo "1867"]
[BlackElo "1922"]
[PlyCount "133"]
[EventDate "2016.??.??"]

1. e4 c5 2. Nf3 Nc6 3. Bb5 d6 4. Bxc6+ bxc6 5. O-O Nf6 6. e5 Nd5 7. Re1 g6 8.
exd6 Qxd6 9. d3 Bg7 10. Nbd2 Nf6 11. Nc4 Qc7 12. Qd2 O-O 13. Qf4 Qxf4 14. Bxf4
Nd5 15. Bd2 Be6 16. Nfe5 Rac8 17. Na5 Bxe5 18. Rxe5 Bf5 19. Nb3 f6 20. Ree1 Rb8
21. Rab1 c4 22. dxc4 Bxc2 23. cxd5 Bxb1 24. Rxb1 cxd5 25. Be3 Ra8 26. Bc5 Rfe8
27. Rd1 e6 28. Na5 Kf7 29. b4 Red8 30. Nb7 Rd7 31. Nd6+ Kg7 32. Nb5 a6 33. Nc3
a5 34. b5 Rc8 35. Na4 Rb7 36. b6 Rxc5 37. Nxc5 Rxb6 38. Kf1 Rb2 39. Nxe6+ Kf7
40. Nc5 Rxa2 41. Rxd5 Kg7 42. Rd7+ Kh6 43. Rd4 Kg5 44. Ra4 Rxa4 45. Nxa4 Kf5
46. Ke2 Ke5 47. Nb2 Kd4 48. Kd2 h5 49. Na4 g5 50. Nc3 f5 51. Ne2+ Ke5 52. Kd3
h4 53. Nd4 a4 54. Nb5 Kf4 55. Ke2 g4 56. g3+ hxg3 57. hxg3+ Ke5 58. Ke3 Ke6 59.
Kd4 Kf6 60. Kd5 Kg5 61. Kc4 f4 62. Kd4 fxg3 63. fxg3 Kf5 64. Kd5 Kg5 65. Ke5
Kg6 66. Kf4 Kh5 67. Kf5 
1-0

[Event "Nordstrand GP Langsjakk 2016, Åpent Oslomesterskap"]
[Site "Lambertseter gård"]
[Date "2016.04.15"]
[Round "3"]
[White "Egeland, Finn"]
[Black "Sjøberg, Isak"]
[Result "1-0"]
[WhiteElo "1912"]
[BlackElo "1843"]
[PlyCount "75"]
[EventDate "2016.??.??"]

1. e4 e5 2. Nf3 Nc6 3. Bb5 a6 4. Ba4 Nf6 5. O-O Be7 6. Re1 b5 7. Bb3 O-O 8. d3
d6 9. a4 b4 10. a5 Bg4 11. Be3 Kh8 12. h3 Bc8 13. Ng5 Kg8 14. f4 h6 15. Nf3
exf4 16. Bxf4 Kh8 17. Nbd2 Qe8 18. Nc4 Nh5 19. Bh2 Be6 20. d4 Nb8 21. d5 Bc8
22. e5 dxe5 23. Nfxe5 Nf6 24. d6 cxd6 25. Nxd6 Bxd6 26. Bxf7 Bc5+ 27. Kh1 Rxf7
28. Ng6+ Kh7 29. Rxe8 Nxe8 30. Ne5 Rfa7 31. Qd3+ Kg8 32. Qd5+ Kh7 33. Qxc5 Nd7
34. Qe3 Nxe5 35. Bxe5 Bf5 36. Qf3 Bc8 37. Bd4 Rb7 38. Qe4+ 
1-0

[Event "Nordstrand GP Langsjakk 2016, Åpent Oslomesterskap"]
[Site "Lambertseter gård"]
[Date "2016.04.17"]
[Round "4"]
[White "Getz, Nicolai"]
[Black "Ranaldi, Lucas"]
[Result "1-0"]
[WhiteElo "2408"]
[BlackElo "2186"]
[PlyCount "91"]
[EventDate "2016.??.??"]

1. c4 c5 2. Nf3 Nc6 3. g3 g6 4. Bg2 Bg7 5. O-O e5 6. Nc3 Nge7 7. Ne1 O-O 8. Nc2
d6 9. d3 Be6 10. Ne3 Rb8 11. Ned5 a6 12. a4 b6 13. Bg5 f6 14. Bd2 h6 15. Rb1
Nb4 16. Nxb4 cxb4 17. Nd5 a5 18. Nxe7+ Qxe7 19. e3 Qd7 20. e4 Kh7 21. b3 f5 22.
f3 f4 23. g4 Bf6 24. Be1 Kg7 25. d4 Qc7 26. Rb2 Kf7 27. Rd2 exd4 28. Bf2 Ke7
29. Rd3 Rbd8 30. Qe2 Qc5 31. Rfd1 h5 32. Rxd4 Qc6 33. gxh5 gxh5 34. Rd5 Be5 35.
Rxe5 dxe5 36. Bh4+ Kf7 37. Rxd8 Rxd8 38. Bxd8 Qd6 39. Bh4 Qd4+ 40. Bf2 Qa1+ 41.
Bf1 Qc3 42. Qd3 Bh3 43. Qxc3 bxc3 44. Bd3 b5 45. axb5 Bd7 46. Be1 
1-0

[Event "Nordstrand GP Langsjakk 2016, Åpent Oslo"]
[Site "Lambertseter gård"]
[Date "2016.04.16"]
[Round "4"]
[White "Skrondal, Inge Sandstad"]
[Black "Kovachev, Daniel Jakobsen"]
[Result "0-1"]
[WhiteElo "2270"]
[BlackElo "2297"]
[PlyCount "118"]
[EventDate "2016.??.??"]

1. d4 d5 2. Nf3 Nf6 3. c4 dxc4 4. Qa4+ c6 5. Qxc4 Bf5 6. Nc3 e6 7. g3 Be7 8.
Bg2 $11 Nbd7 9. O-O O-O 10. Nh4 Nb6 11. Qb3 Qxd4 12. Rd1 Qc4 13. Nxf5 exf5 14.
Qc2 g6 15. Bg5 Rfe8 16. Rac1 Qe6 17. Rd3 Ng4 18. Bxe7 Qxe7 19. Rcd1 Rad8 20. e4
Rxd3 21. Qxd3 fxe4 22. Nxe4 Nd5 23. Qd4 f5 24. Nc5 Ngf6 25. Nd3 a6 26. Bf3 Qg7
27. Nc5 Re7 28. a3 h5 29. b4 Kh7 30. Kf1 g5 31. Qd3 Qg6 32. Re1 Rf7 33. Re6 Nc7
$11 34. Re5 g4 35. Bg2 f4 36. gxf4 Qxd3+ 37. Nxd3 Ncd5 38. Bxd5 cxd5 39. Ke2
Kh6 40. Ke3 h4 41. Kd4 Nh5 42. f5 Kg5 43. Rxd5 Rxf5 44. Rxf5+ Kxf5 45. Ke3 $11
b6 46. a4 Nf6 47. Kd4 Ne4 48. a5 bxa5 49. bxa5 h3 50. Ke3 Ng5 51. Nf4 Ke5 52.
Nd3+ Kf5 53. Nf4 Nf7 54. f3 Ne5 55. Nh5 Nxf3 56. Ng3+ Kg5 57. Nf1 Nxh2 58. Nxh2
g3 59. Nf1 Kg4 0-1

[Event "Nordstrand GP Langsjakk 2016, Åpent Oslomesterskap"]
[Site "Lambertseter gård"]
[Date "2016.04.17"]
[Round "4"]
[White "Haug, Johannes"]
[Black "Støre, Trond"]
[Result "1-0"]
[WhiteElo "2244"]
[BlackElo "1988"]
[PlyCount "63"]
[EventDate "2016.??.??"]

1. e4 c5 2. Nf3 d6 3. Bb5+ Nd7 4. c3 Ngf6 5. Qe2 a6 6. Ba4 b5 7. Bc2 e5 8. d4
Be7 9. O-O O-O 10. Rd1 Qc7 11. a4 Rb8 12. Bg5 Re8 13. axb5 axb5 14. b3 Nf8 15.
dxe5 dxe5 16. Na3 Bg4 17. Nxb5 Bxf3 18. gxf3 Qb6 19. Na7 Nh5 20. Ra6 Qb7 21.
Be3 Ng6 22. Kh1 Nhf4 23. Qc4 Ra8 24. Qa4 Rxa7 25. Rxa7 Qb8 26. Rdd7 Ne6 27.
Rab7 Qc8 28. Qa7 Nef8 29. Rbc7 Qa8 30. Qxa8 Rxa8 31. Rxe7 Ra1+ 32. Kg2 
1-0

[Event "Nordstrand GP Langsjakk 2016, Åpent Oslo"]
[Site "Lambertseter gård"]
[Date "2016.04.16"]
[Round "4"]
[White "Pettersen, Johan"]
[Black "Kulikov, Evgeny"]
[Result "0-1"]
[WhiteElo "1855"]
[BlackElo "2241"]
[PlyCount "72"]
[EventDate "2016.??.??"]

1. e4 c5 2. Nf3 Nc6 3. c3 d5 4. exd5 Qxd5 5. d4 e6 6. Na3 Nf6 7. Nb5 Qd8 8.
dxc5 Bxc5 9. Qxd8+ Kxd8 10. b4 Bb6 11. Bg5 Ke7 12. Be2 Rd8 13. O-O h6 14. Bxf6+
gxf6 15. a4 a5 16. Rfb1 e5 17. Ra2 Be6 18. Raa1 axb4 19. cxb4 e4 20. Ne1 Rd2
21. Kf1 Rad8 22. a5 Rxe2 23. axb6 Rdd2 24. Rc1 Rxf2+ 25. Kg1 Rf5 26. Rc5 Nxb4
27. Rc7+ Rd7 28. Nd4 Rfd5 29. Nxe6 Kxe6 30. Ra4 Rd4 31. Kf1 Kd6 32. Rc8 Nc6 33.
Ra3 Rb4 34. Rh8 Rxb6 35. Rxh6 Ke5 36. Kf2 Rb2+ 0-1

[Event "Nordstrand GP Langsjakk 2016, Åpent Oslo"]
[Site "Lambertseter gård"]
[Date "2016.04.16"]
[Round "4"]
[White "Solberg, Joachim"]
[Black "Rukovci, Shemsi"]
[Result "1-0"]
[WhiteElo "2240"]
[BlackElo "2011"]
[PlyCount "75"]
[EventDate "2016.??.??"]

1. e4 g6 2. d4 Bg7 3. Nc3 b6 4. f4 e6 5. Nf3 Bb7 6. Bd3 d6 7. O-O Ne7 8. Kh1
Nd7 9. Qe1 Nc6 10. d5 Nb4 11. dxe6 fxe6 12. f5 Nxd3 13. cxd3 gxf5 14. exf5 e5
15. Ng5 Qe7 16. Ne6 Nf6 17. Bg5 h6 18. Bh4 Kd7 19. Ne4 Rhg8 20. Rc1 c5 21. b4
Bh8 22. bxc5 bxc5 23. Qa5 Bxe4 24. dxe4 Ke8 25. Nc7+ Kf7 26. Nxa8 Rxa8 27. Qa6
Qc7 28. Rb1 Rb8 29. Qc4+ Kf8 30. Bxf6 Bxf6 31. Qe6 Kg7 32. Rxb8 Qxb8 33. Qd7+
Kf8 34. Rd1 Qd8 35. Qxd6+ Qxd6 36. Rxd6 Be7 37. Ra6 Bd8 38. Rxa7 1-0

[Event "Nordstrand GP Langsjakk 2016, Åpent Oslo"]
[Site "Lambertseter gård"]
[Date "2016.04.16"]
[Round "4"]
[White "Sømhovd, Ivar"]
[Black "Tryggestad, Andreas G"]
[Result "1/2-1/2"]
[WhiteElo "1942"]
[BlackElo "2198"]
[PlyCount "123"]
[EventDate "2016.??.??"]

1. e4 c5 2. Nf3 e6 3. d3 d5 4. g3 Nc6 5. Bg2 Nf6 6. Nbd2 g6 7. O-O Bg7 8. Re1
O-O 9. c3 a5 10. a4 b6 11. e5 Nd7 12. d4 cxd4 13. cxd4 Nb4 14. Nb1 Ba6 15. Bf1
Bxf1 16. Rxf1 f6 17. exf6 Qxf6 18. Bf4 Nc6 19. Qe2 g5 20. Bxg5 Qf5 21. Ra3 Nxd4
22. Nxd4 Bxd4 23. Be3 Bc5 24. g4 Qf6 25. Bxc5 bxc5 26. g5 Qf5 27. Re3 e5 28. h4
Rab8 29. Rg3 e4 30. h5 Ne5 31. g6 h6 32. Nd2 Rxb2 33. Qa6 Kg7 34. Qd6 Re8 35.
Qc7+ Qd7 36. Qxa5 Rxd2 37. Qxd2 Nf3+ 38. Rxf3 exf3 39. Qc3+ d4 40. Qxf3 Rf8 41.
Qe4 Re8 42. Qf4 Re7 43. Rb1 Qd5 44. a5 Qxh5 45. a6 Qxg6+ 46. Qg3 Qxg3+ 47. fxg3
d3 48. Kf2 Re2+ 49. Kf3 Ra2 50. Ke3 Rxa6 51. Kxd3 Kg6 52. Kc4 Ra5 53. Rb8 Kf6
54. Rh8 Kg7 55. Rc8 Kg6 56. Rg8+ Kh5 57. g4+ Kh4 58. Rg6 h5 59. gxh5 Kxh5 60.
Rc6 Kg5 61. Rxc5+ Rxc5+ 62. Kxc5 1/2-1/2

[Event "Nordstrand GP Langsjakk 2016, Åpent Oslo"]
[Site "Lambertseter gård"]
[Date "2016.04.16"]
[Round "4"]
[White "Afsari-Rad, Aidin"]
[Black "Al-Tarbosh, Ward"]
[Result "1/2-1/2"]
[WhiteElo "1762"]
[BlackElo "2159"]
[PlyCount "119"]
[EventDate "2016.??.??"]

1. e4 e6 2. d4 d5 3. Nd2 c5 4. exd5 exd5 5. Ngf3 Nc6 6. Bb5 Bd6 7. dxc5 Bxc5 8.
Nb3 Bb6 9. O-O Nge7 10. Nfd4 O-O 11. Bf4 a6 12. Be2 Nxd4 13. Nxd4 Nc6 14. c3
Qf6 15. Be3 Nxd4 16. Bxd4 Bxd4 17. Qxd4 Qxd4 18. cxd4 Be6 19. Rac1 Rfc8 20. Rc5
b6 21. Rcc1 Kf8 22. Bd3 Ke7 23. a3 Kd6 24. Rfe1 Bd7 25. Kf1 b5 26. Ke2 a5 27.
Kd2 b4 28. Rxc8 Rxc8 29. Rc1 Rb8 30. Rb1 g6 31. Ke3 bxa3 32. bxa3 Rxb1 33. Bxb1
Kc6 34. Ba2 Bc8 35. Kd3 f6 36. Kc3 Ba6 37. g3 Be2 38. f4 Kd6 39. Bb1 Bf3 40.
Bd3 Be4 41. Bb5 $11 g5 42. Kd2 gxf4 43. gxf4 Kc7 44. Ke3 Kb6 45. a4 Kc7 46. Kf2
Kd6 47. Kg3 Bc2 48. Kg4 Ke6 49. Kf3 Kf5 50. Bd7+ Kg6 51. Kg3 Bd3 52. h4 Bf5 53.
Bb5 Kf7 54. Bc6 Ke6 55. Be8 Bc2 56. Kf3 Bd1+ 57. Ke3 Kf5 58. Bd7+ Kg6 59. Be8+
Kh6 60. Kf2 1/2-1/2

[Event "Nordstrand GP Langsjakk 2016, Åpent Oslo"]
[Site "Lambertseter gård"]
[Date "2016.04.16"]
[Round "4"]
[White "Pena-Riascos, Alexander M"]
[Black "Omtvedt, Per"]
[Result "1-0"]
[WhiteElo "2110"]
[BlackElo "1973"]
[PlyCount "151"]
[EventDate "2016.??.??"]

1. e4 Nf6 2. Nc3 e5 3. Bc4 Nc6 4. d3 Na5 5. Bb3 Nxb3 6. axb3 d6 7. h3 g6 8.
Nge2 Bg7 9. O-O O-O 10. Bg5 Be6 11. Qc1 Qd7 12. f4 exf4 13. Nxf4 Ne8 14. Qe3 c5
15. Kh1 f6 16. Nxe6 Qxe6 17. Bf4 Nc7 18. Qg3 Rfd8 19. Nd1 a6 20. Ne3 Nb5 21.
Rf2 Rac8 22. Raf1 Rc7 23. Ng4 Rf7 24. Bh6 Rdf8 25. Qh4 Nd4 26. Bxg7 Kxg7 27.
Nh6 Rd7 28. Ng4 Rdf7 29. Qh6+ Kg8 30. Qe3 Kg7 31. b4 f5 32. Nh6 Rf6 33. bxc5
Qe5 34. g3 dxc5 35. Qg5 Ne6 36. Qd2 fxe4 37. Rxf6 Rxf6 38. Rxf6 Qxf6 39. dxe4
Qf3+ 40. Kh2 Qxe4 41. Ng4 Qd4 42. Qe2 Qd5 43. Qe3 Qf5 44. Qh6+ Kg8 45. Qd2 Kh8
46. c3 h5 47. Ne3 Qe4 48. Ng2 Kh7 49. Nh4 Kg7 50. Ng2 Kf6 51. h4 Ke7 52. Ne3
Nc7 53. b3 Qe5 54. Nc4 Qd5 55. Qe3+ Ne6 56. Ne5 Kf6 57. Nc4 Ng7 58. Qf4+ Nf5
59. Qg5+ Kf7 60. Qf4 Kf6 61. Qb8 Kg7 62. Qc7+ Kh6 63. Ne5 Nd6 64. Qxd6 Qxd6 65.
Nf7+ Kg7 66. Nxd6 b5 67. Nb7 Kf6 68. Nxc5 a5 69. Kg2 Ke5 70. Kf3 Kd5 71. Nb7 a4
72. bxa4 bxa4 73. Na5 Kc5 74. Ke3 Kb5 75. Kd3 Kxa5 76. Kc4 1-0

[Event "Nordstrand GP Langsjakk 2016, Åpent Oslo"]
[Site "Lambertseter gård"]
[Date "2016.04.16"]
[Round "4"]
[White "Robertsen, Bjørn"]
[Black "Jakobsen, Kjetil Ansgar"]
[Result "1-0"]
[WhiteElo "1855"]
[BlackElo "2089"]
[PlyCount "47"]
[EventDate "2016.??.??"]

1. d4 f5 2. c4 g6 3. h4 h6 4. Nc3 Bg7 5. e4 e6 6. Bd3 Bxd4 7. exf5 Bxc3+ 8.
bxc3 exf5 9. h5 Qf6 10. Qc2 d6 11. hxg6 Nc6 12. Nf3 Nge7 13. Rxh6 Rxh6 14. Bxh6
Qxg6 15. Bg5 Ne5 16. O-O-O Be6 17. Bxe7 Nxd3+ 18. Qxd3 Kxe7 19. Re1 c5 20. Qd5
Rb8 21. Kb2 b5 22. Ng5 bxc4+ 23. Ka1 Qxg5 24. Qxe6+ 1-0

[Event "Nordstrand GP Langsjakk 2016, Åpent Oslo"]
[Site "Lambertseter gård"]
[Date "2016.04.16"]
[Round "4"]
[White "Svanholm, Børge W"]
[Black "Snellingen, Jørn"]
[Result "0-1"]
[WhiteElo "1826"]
[BlackElo "2047"]
[PlyCount "142"]
[EventDate "2016.??.??"]

1. c4 d5 2. cxd5 Qxd5 3. Nc3 Qa5 4. Nf3 e5 5. g3 Nc6 6. Bg2 Nf6 7. O-O Bf5 8.
d3 O-O-O 9. Bd2 Nd4 10. a3 c6 11. b4 Qc7 12. Rb1 h5 13. h4 Nxf3+ 14. Bxf3 Bg4
15. Bg2 Qd7 16. Qa4 Kb8 17. Be3 a6 18. Qc2 Nd5 19. Bd2 Bh3 20. Rfc1 Bxg2 21.
Kxg2 Nxc3 22. Bxc3 Qd5+ 23. Kg1 f6 24. Qb3 Qd7 25. Qc4 Qd5 26. Rd1 b5 27. Qxd5
Rxd5 28. Rdc1 Kb7 29. Rc2 Be7 30. Rbc1 Rc8 31. Bb2 g6 32. Kg2 Rd7 33. Kf3 Rd5
34. Rc3 Rc7 35. R3c2 Rdd7 36. Ke4 $11 Bd6 37. Kf3 f5 38. Rc3 Re7 39. Kg2 Kb6
40. R3c2 c5 41. bxc5+ Rxc5 42. Rxc5 Bxc5 43. Kf3 e4+ 44. dxe4 Rxe4 45. e3 a5
46. Rd1 b4 47. axb4 axb4 48. Ke2 Kb5 49. Kd3 Re6 50. Rc1 Rd6+ 51. Ke2 Rd5 52.
f3 Bd6 53. f4 Rc5 54. Rxc5+ Bxc5 55. Kd3 Ka4 56. e4 fxe4+ 57. Kxe4 Bf2 58. Kf3
Be1 59. g4 Bc3 60. Bc1 Kb3 61. gxh5 gxh5 62. Be3 Kc2 63. Bc5 b3 64. Ba3 Bb2 65.
Bd6 Bc1 66. Be5 Bd2 67. f5 Bc3 68. Bxc3 Kxc3 69. f6 b2 70. f7 b1=Q 71. f8=Q
Qf1+ 0-1

[Event "Nordstrand GP Langsjakk 2016, Åpent Oslomesterskap"]
[Site "Lambertseter gård"]
[Date "2016.04.17"]
[Round "4"]
[White "Reppen, Sigmund"]
[Black "Staunsbjerg, Valdemar A"]
[Result "1/2-1/2"]
[WhiteElo "2022"]
[BlackElo "1922"]
[PlyCount "27"]
[EventDate "2016.??.??"]

1. e4 c5 2. Nf3 Nc6 3. Bb5 g6 4. O-O Bg7 5. Re1 e6 6. c3 Nge7 7. d3 a6 8. Ba4
b5 9. Bc2 O-O 10. Be3 d6 11. d4 cxd4 12. cxd4 Bb7 13. Nc3 Na5 14. b3 
1/2-1/2

[Event "Nordstrand GP Langsjakk 2016, Åpent Oslo"]
[Site "Lambertseter gård"]
[Date "2016.04.16"]
[Round "4"]
[White "Nordquelle, Daniel"]
[Black "Smeby, Ole"]
[Result "1-0"]
[WhiteElo "1997"]
[BlackElo "1882"]
[PlyCount "55"]
[EventDate "2016.??.??"]

1. e4 d5 2. exd5 Qxd5 3. Nf3 Bg4 4. Be2 c6 5. O-O Nf6 6. d4 e6 7. c4 Qa5 8. Nc3
Be7 9. Be3 O-O 10. Ne5 Bxe2 11. Qxe2 Nbd7 12. f4 Rad8 13. Rad1 Nxe5 14. fxe5
Nd7 15. Qg4 Rfe8 16. Bh6 Bf8 17. Bg5 Be7 18. Ne4 Bxg5 19. Qxg5 h6 20. Qh5 Rf8
21. Nd6 Qxa2 22. Nxf7 Rde8 23. Qg6 Qxc4 24. Nxh6+ Kh8 25. Nf7+ Kg8 26. Ng5
Rxf1+ 27. Rxf1 Qxd4+ 28. Kh1 1-0

[Event "Nordstrand GP Langsjakk 2016, Åpent Oslo"]
[Site "Lambertseter gård"]
[Date "2016.04.17"]
[Round "4"]
[White "Enersen, Eirik S"]
[Black "Harstad, Christian"]
[Result "1/2-1/2"]
[WhiteElo "1837"]
[BlackElo "1963"]
[PlyCount "109"]
[EventDate "2016.??.??"]

1. e4 e5 2. Nf3 Nc6 3. Nc3 Nf6 4. Bb5 Bb4 5. O-O O-O 6. d3 Bxc3 7. bxc3 d6 8.
Bg5 Bd7 9. Rb1 Re8 10. Re1 a6 11. Bc4 b5 12. Bd5 h6 13. Bh4 Rb8 14. d4 Qe7 15.
Qd3 Na5 16. Bb3 Rbd8 17. h3 c5 18. Bd5 Rc8 19. Rbd1 Rc7 20. dxe5 dxe5 21. Nxe5
Be6 22. Bxe6 Qxe6 23. Qd6 Qxe5 24. Qxe5 Rxe5 25. Bg3 Rce7 26. Bxe5 Rxe5 27. f3
Nc4 28. Rd8+ Kh7 29. Kf2 g5 30. Rb8 Re6 31. Rc8 Na3 32. Rxc5 Nxc2 33. Re2 Na3
34. Rc7 Kg6 35. Rd2 Nc4 36. Rd8 h5 37. a4 Ne8 38. Rc5 Ne5 39. axb5 axb5 40.
Rxb5 f6 41. Rbb8 Nd6 42. Rg8+ Kf7 43. Rh8 h4 44. Rh7+ Kg6 45. Rc7 Ne8 46. Rcb7
f5 47. Rb6 Nd6 48. Rb1 fxe4 49. fxe4 Nxe4+ 50. Kg1 Nd6 51. Rg8+ Kh5 52. Rh8+
Kg6 53. Rg8+ Kh5 54. Rh8+ Kg6 55. Rg8+ 1/2-1/2

[Event "Nordstrand GP Langsjakk 2016, Åpent Oslomesterskap"]
[Site "Lambertseter gård"]
[Date "2016.04.17"]
[Round "4"]
[White "Vestby-Ellingsen, Mads"]
[Black "Kvendseth, Cornelius"]
[Result "1-0"]
[WhiteElo "1961"]
[BlackElo "1865"]
[PlyCount "59"]
[EventDate "2016.??.??"]

1. d4 d5 2. c4 e6 3. Nc3 Nf6 4. cxd5 exd5 5. Bg5 Nbd7 6. e3 c6 7. Bd3 Bd6 8.
Qc2 h6 9. Bh4 Qc7 10. Nf3 b6 11. Rc1 Qb8 12. e4 Bb4 13. e5 Nh5 14. e6 Ndf6 15.
exf7+ Kxf7 16. Ne5+ Kg8 17. Ng6 Bd7 18. Nxh8 Kxh8 19. O-O Qf4 20. Bg3 Qxd4 21.
Ne2 Qg4 22. h3 Qe6 23. Nd4 Qg8 24. Bh2 c5 25. a3 Ba5 26. Nf5 Ne8 27. Ne7 Qf7
28. Ng6+ Kg8 29. Ne5 Qe7 30. Bh7+ 
1-0

[Event "Nordstrand GP Langsjakk 2016, Åpent Oslo"]
[Site "Lambertseter gård"]
[Date "2016.04.16"]
[Round "4"]
[White "Haugland, Rasmus L"]
[Black "Nilsen, Tobias Lang"]
[Result "1/2-1/2"]
[WhiteElo "1951"]
[BlackElo "1867"]
[PlyCount "96"]
[EventDate "2016.??.??"]

1. d4 e6 2. e4 d5 3. Nc3 Nf6 4. Bg5 dxe4 5. Nxe4 Be7 6. Bxf6 Bxf6 7. Nf3 Nd7 8.
c3 Be7 9. Qc2 Nf6 10. O-O-O Nxe4 11. Qxe4 Qd5 12. Qg4 Bf6 13. Qf4 Qxa2 14. Qxc7
O-O 15. Bd3 Qa1+ 16. Bb1 e5 17. Nxe5 Bg5+ 18. Kc2 Bf5+ 19. Kb3 b5 20. Ba2 Bc2+
21. Kxc2 Qxa2 22. Ra1 Qe6 23. Rhe1 b4 24. Qc4 Qf5+ 25. Nd3 bxc3 26. bxc3 Rfc8
27. Qb4 Rab8 28. Qa5 Qf6 29. Qe5 Qc6 30. d5 Qg6 31. Rab1 Ra8 32. Rb3 Bf6 33.
Qe4 Qh5 34. d6 g6 35. d7 Rd8 36. c4 Qa5 37. c5 Qc7 38. Rb7 Qa5 39. c6 Qc3+ 40.
Kd1 Kg7 41. Ke2 a5 42. Rc1 Qa3 43. Nc5 Qxc1 44. Qd5 Qc2+ 45. Kf3 Qc3+ 46. Ke2
Qc2+ 47. Kf3 Qc3+ 48. Ke2 Qc2+ 1/2-1/2

[Event "Nordstrand GP Langsjakk 2016, Åpent Oslomesterskap"]
[Site "Lambertseter gård"]
[Date "2016.04.17"]
[Round "4"]
[White "Ingebretsen, Jens E"]
[Black "Egeland, Finn"]
[Result "1-0"]
[WhiteElo "1821"]
[BlackElo "1912"]
[PlyCount "101"]
[EventDate "2016.??.??"]

1. e4 e5 2. Nf3 Nc6 3. Bc4 Bc5 4. c3 Nf6 5. d4 exd4 6. e5 d5 7. Bb5 Ne4 8. cxd4
Bb6 9. O-O Bg4 10. Be3 O-O 11. Be2 f6 12. exf6 Qxf6 13. Nc3 Be6 14. a3 Rad8 15.
Bd3 Qg6 16. Kh1 Bg4 17. Qb3 Kh8 18. Be2 Qh5 19. Rad1 Rd6 20. Ng1 Bxe2 21. Ngxe2
Nxc3 22. Nxc3 Ne7 23. Qc2 c6 24. Qe2 Qg6 25. Na4 Bc7 26. Nc5 Nf5 27. Bf4 Nh4
28. Bg3 b6 29. Qe7 Rc8 30. Qxh4 bxc5 31. Bxd6 Bxd6 32. dxc5 Bxc5 33. Qg3 Qh6
34. Qg4 Rf8 35. b4 Bd6 36. g3 Qf6 37. Rc1 Be5 38. f4 Bb2 39. Rce1 Bxa3 40. Re6
Qc3 41. Rfe1 Bxb4 42. Re8 Qf6 43. R1e6 Qf7 44. Rxf8+ Bxf8 45. Rxc6 h6 46. Qe6
Qh5 47. Rc8 Qd1+ 48. Kg2 Qd2+ 49. Kh3 Qb4 50. Qf7 Qb5 51. Rxf8+ 
1-0

[Event "Nordstrand GP Langsjakk 2016, Åpent Oslo"]
[Site "Lambertseter gård"]
[Date "2016.04.16"]
[Round "4"]
[White "Lund, Eyvind"]
[Black "Lund, Gunnar"]
[Result "0-1"]
[WhiteElo "1816"]
[BlackElo "1907"]
[PlyCount "60"]
[EventDate "2016.??.??"]

1. d4 Nf6 2. c4 e6 3. Nc3 Bb4 4. a3 Bxc3+ 5. bxc3 O-O 6. g3 d5 7. cxd5 exd5 8.
Bg2 Re8 9. Nh3 Ne4 10. O-O Nxc3 11. Qd3 Nxe2+ 12. Kh1 Nxc1 13. Raxc1 Bxh3 14.
Bxh3 c6 15. f4 Nd7 16. f5 Nf6 17. g4 Qe7 18. Rce1 Qxe1 19. Rxe1 Rxe1+ 20. Bf1
Rae8 21. Qh3 R8e2 22. Kg1 Ne4 23. Qh4 Nd2 24. Qd8+ Re8 25. Qc7 h6 26. f6 Rxf1+
27. Kg2 Re2+ 28. Kg3 Rf3+ 29. Kh4 g5+ 30. Kh5 Rh3# 0-1

[Event "Nordstrand GP Langsjakk 2016, Åpent Oslo"]
[Site "Lambertseter gård"]
[Date "2016.04.16"]
[Round "5"]
[White "Kovachev, Daniel Jakobsen"]
[Black "Getz, Nicolai"]
[Result "0-1"]
[WhiteElo "2297"]
[BlackElo "2408"]
[PlyCount "119"]
[EventDate "2016.??.??"]

1. e4 c5 2. Nf3 e6 3. b3 b6 4. Bd3 Ne7 5. O-O Ng6 6. Re1 Be7 7. Bb2 O-O 8. e5
Bb7 9. Na3 a6 10. Be4 Nc6 11. Nc4 b5 12. Nd6 Bxd6 13. exd6 f5 14. Bxc6 Bxc6 15.
Ne5 Bb7 16. Nxg6 hxg6 17. Qe2 $11 Qg5 18. f3 Kf7 19. Qe3 Qxe3+ 20. dxe3 g5 21.
e4 fxe4 22. fxe4 e5 23. Bxe5 Rfe8 24. Bg3 Bxe4 25. Re2 Re6 26. Rf1+ Kg6 27.
Rfe1 Bd5 28. Rxe6+ $11 Bxe6 29. Bf2 c4 30. Bb6 Bf5 31. Re7 cxb3 32. cxb3 Rc8
33. Bc7 Kf6 34. Kf2 Be6 35. h3 Rg8 36. Ke3 Ke5 37. b4 Kd5 38. a3 g6 39. Rh7 Bf5
40. Re7 Rh8 41. Kf2 Rh4 42. Rg7 g4 43. hxg4 Rxg4 44. Rg8 Rc4 45. Ra8 Rc2+ 46.
Ke1 Rxg2 47. Rxa6 Ra2 48. Ra5 Bd3 49. Ra7 Re2+ 50. Kd1 Rg2 51. Ke1 Bc2 52. Ra5
Ba4 53. Ra8 Ra2 54. Rd8 Kc6 55. Rg8 Bc2 56. Ra8 Bb3 57. Kf1 g5 58. Kg1 g4 59.
Re8 Be6 60. Re7 {tid} 0-1

[Event "Nordstrand GP Langsjakk 2016, Åpent Oslo"]
[Site "Lambertseter gård"]
[Date "2016.04.16"]
[Round "5"]
[White "Solberg, Joachim"]
[Black "Skrondal, Inge Sandstad"]
[Result "0-1"]
[WhiteElo "2240"]
[BlackElo "2270"]
[PlyCount "80"]
[EventDate "2016.??.??"]

1. e4 c5 2. c3 Nf6 3. e5 Nd5 4. Nf3 e6 5. d4 cxd4 6. cxd4 b6 7. Nc3 Nxc3 8.
bxc3 Qc7 9. Bd2 Bb7 10. Bd3 d6 11. O-O Nd7 12. exd6 Bxd6 13. Re1 O-O 14. h3
Rac8 15. c4 Bf4 16. Bb4 Rfd8 17. Be7 Re8 18. Bb4 h6 19. a4 Ba6 20. Ra2 Nf6 21.
Rc2 Qd7 22. Rc3 Red8 23. d5 exd5 24. Re7 Qc6 25. Nd4 Qa8 26. Qf3 Bd2 27. Nf5
dxc4 28. Be4 Qb8 29. g3 Rc7 30. Re5 Kh8 31. Nxg7 Kxg7 32. Rf5 Nxe4 33. Qxe4 Bb7
34. Qg4+ Kh7 35. Qh5 Rdd7 36. Re5 Qg8 37. Qe2 Qg6 38. Kh2 Qb1 39. Rf3 Bxf3 40.
Qxf3 Bxb4 0-1

[Event "Nordstrand GP Langsjakk 2016, Åpent Oslo"]
[Site "Lambertseter gård"]
[Date "2016.04.16"]
[Round "5"]
[White "Snellingen, Jørn"]
[Black "Haug, Johannes"]
[Result "0-1"]
[WhiteElo "2047"]
[BlackElo "2244"]
[PlyCount "142"]
[EventDate "2016.??.??"]

1. e4 e6 2. Nf3 d5 3. Nc3 d4 4. Ne2 c5 5. Ng3 Nc6 6. Bb5 Qc7 7. O-O Nf6 8. d3
Bd7 9. a4 a6 10. Bxc6 Bxc6 11. Nh4 Be7 12. Nf3 b6 13. b4 a5 14. b5 Bb7 15. Nd2
$11 O-O-O 16. f4 Ne8 17. Qe2 Nd6 18. f5 exf5 19. Nxf5 Nxf5 20. Rxf5 Bd6 21. e5
Bf8 22. Nc4 Bd5 23. e6 Bxe6 24. Bf4 Qb7 25. Re5 Bxc4 26. dxc4 Bd6 27. Qg4+ Kb8
28. Rd5 Bxf4 29. Qxf4+ Qc7 30. Rxd8+ Rxd8 31. Qe4 Qd6 32. Rd1 g6 33. Qh4 h5 34.
Rf1 f5 35. Re1 Rf8 36. Qe7 Qxe7 37. Rxe7 Rf6 38. Kf2 Rd6 39. Ke2 Kc8 40. Kd3
Kd8 41. Rg7 Re6 42. g3 Ke8 43. Kd2 Kf8 44. Rb7 g5 45. Rh7 h4 46. Rh5 $11 hxg3
47. Rxg5 gxh2 48. Rh5 Kg7 49. Rxh2 Kg6 50. Rg2+ Kf6 51. Rg8 f4 52. Rc8 Kf5 53.
Rf8+ Kg4 54. Rg8+ Kh4 55. Rc8 Kg4 56. Rc6 Kf5 57. Rc8 f3 58. Rf8+ Kg4 59. Rg8+
Kf4 60. Rf8+ Kg3 61. Rg8+ Kh3 62. Rc8 Re2+ 63. Kd1 Re4 64. Rf8 Kg3 65. Rf6 f2
66. Rg6+ Rg4 67. Rxg4+ Kxg4 68. Ke2 Kg3 69. Kf1 Kf3 70. c3 Ke3 71. cxd4 Kxd4
0-1

[Event "Nordstrand GP Langsjakk 2016, Åpent Oslo"]
[Site "Lambertseter gård"]
[Date "2016.04.16"]
[Round "5"]
[White "Kulikov, Evgeny"]
[Black "Pena-Riascos, Alexander M"]
[Result "0-1"]
[WhiteElo "2241"]
[BlackElo "2110"]
[PlyCount "33"]
[EventDate "2016.??.??"]

1. e4 d5 2. exd5 Qxd5 3. Nc3 Qa5 4. Nf3 Nf6 5. Bc4 Nc6 6. h3 a6 7. d3 e6 8. O-O
Be7 9. Bd2 Qh5 10. d4 O-O 11. Ne2 Ne4 12. Nf4 Qh6 13. Nd3 Ng5 14. Nde5 Nxe5 15.
Nxe5 g6 16. a4 Qg7 17. Nd3 {unreadable} 0-1

[Event "Nordstrand GP Langsjakk 2016, Åpent Oslo"]
[Site "Lambertseter gård"]
[Date "2016.04.16"]
[Round "5"]
[White "Tryggestad, Andreas G"]
[Black "Robertsen, Bjørn"]
[Result "1-0"]
[WhiteElo "2198"]
[BlackElo "1855"]
[PlyCount "99"]
[EventDate "2016.??.??"]

1. d4 d5 2. c4 c6 3. Nf3 Nf6 4. Nc3 dxc4 5. a4 Bf5 6. Ne5 Nbd7 7. Nxc4 Qc7 8.
g3 e5 9. dxe5 Nxe5 10. Bf4 Nfd7 11. Bg2 f6 12. O-O g5 13. Nxe5 gxf4 14. Nxd7
Qxd7 15. Qc1 Bd6 16. a5 a6 17. Na4 Qe6 18. Nc5 Bxc5 19. Qxc5 Be4 20. Bxe4 Qxe4
21. Qd6 Qe5 22. Qxe5+ fxe5 23. gxf4 exf4 24. Kg2 O-O-O 25. Kf3 Rhe8 26. Rfd1
Rxd1 27. Rxd1 Re5 28. b4 Rb5 29. Rd4 c5 30. bxc5 Rxc5 31. Rxf4 h5 32. Ra4 Rf5+
33. Kg3 Rg5+ 34. Kh3 Rc5 35. f4 Rc3+ 36. Kh4 Re3 37. Kxh5 Rxe2 38. h4 Kd7 39.
Rb4 Ra2 40. Rxb7+ Ke8 41. f5 Rxa5 42. Kg6 Ra1 43. h5 Rg1+ 44. Kf6 Rh1 45. Rb8+
Kd7 46. Rh8 a5 47. h6 a4 48. h7 a3 49. Ra8 Kd6 50. h8=Q 1-0